LEADER 01266nam a22003011i 4500 001 991000273429707536 005 20230726132136.0 008 040920s2003 it |||||||||||||||||ita 020 $a9788814102189 035 $ab13198713-39ule_inst 035 $aARCHE-114495 040 $aSet. Economia$bita$cA.t.i. Arché s.c.r.l. Pandora Sicilia s.r.l. 082 04$a341.753 245 00$aDiritto contrattuale europeo e diritto dei consumatori :$bl'integrazione europea e il processo civile : materiali del seminario del 12 luglio 2002 /$craccolti da Guido Alpa e Remo Danovi 260 $aMilano :$bGiuffrè,$cc2003 300 $avi, 414 p. ;$c24 cm 490 1 $aRassegna forense.$aQuaderni ; 11 500 $aIn testa al front.: Consiglio nazionale forense 650 4$aCodice civile$xUnificazione$xPaesi comunitari 700 1 $aAlpa, Guido 700 1 $aDanovi, Remo 710 2 $aConsiglio nazionale forense 907 $a.b13198713$b02-04-14$c23-09-04 912 $a991000273429707536 945 $aLE025 ECO LIB G 477$g1$i2025000183537$lle025$nC. 1$o-$pE0.00$q-$rl$s-$t0$u2$v0$w2$x0$y.i1385270x$z23-09-04 996 $aDiritto contrattuale europeo e diritto dei consumatori$9663704 997 $aUNISALENTO 998 $ale025$b23-09-04$cm$da$e-$fita$git$h0$i1